| 000 | 01063nam a2200253 i 4500 | ||
|---|---|---|---|
| 001 | 126314 | ||
| 003 | ES-MaACL | ||
| 005 | 20230906192810.0 | ||
| 007 | t| | ||
| 008 | 070214m19411946sp r ||||1| spa d | ||
| 245 | 0 | 0 | _aRecientes avances en veterinaria. |
| 260 |
_aMadrid : _b[s.n.], _c1941-1946 ( _fGráf. Ultra) |
||
| 300 |
_a4 v. : _bil. ; _c21 cm. |
||
| 490 | 1 | _aBiblioteca de biología aplicada | |
| 505 | 8 | _aContiene: Tomo I. Plan decenal de ganadería por Mariano Rodríguez de Torres. Biometría por Carlos Luis de Cuenca. Tomo II. Vitaminas por Julio Morros Sardá. Fecundación artificial por Domingo Carbonero Bravo. Apicultura práctica española por León Hergueta Navas | |
| 700 | 1 |
_aRodríguez de Torres, Mariano. _998477 |
|
| 700 | 1 |
_aCuenca, Carlos Luis de. _941995 |
|
| 700 | 1 |
_aMorros Sardá, Julio. _983700 |
|
| 700 | 1 |
_aCarbonero Bravo, Domingo. _935080 |
|
| 700 | 1 |
_aHergueta Navas, León. _962712 |
|
| 830 | 0 |
_aBiblioteca de biología aplicada _9182901 |
|
| 852 |
_aES-MaACL _jE-3550-3 _bR.19850-23685 |
||
| 999 |
_c126314 _d126314 |
||